| 000 | 00464nam a22001457a 4500 | ||
|---|---|---|---|
| 082 | _a71 p. : | ||
| 100 | _aNafees, Tayyaba | ||
| 245 |
_aPOSIX.1 conformance for android applications / _cTayyaba Nafees. |
||
| 260 |
_aIslamabad: _bCEME - NUST, _c2012. |
||
| 300 |
_a71 p. : _bill. ; _c30cm. |
||
| 650 |
_aSoftware Engineering MS-Thesis. _916149 |
||
| 700 |
_aDr. Shoab Ahmed Khan _916053 |
||
| 942 |
_2ddc _cTHE |
||
| 999 |
_c540618 _d540618 |
||